00537nam a22001937a 4500003000500000005001700005008004100022010001000063011001000073035001000083040000900093100002100102245003700123260006400160300002800224490003000252650003100282830003000313CHAP20220329135253.0971013s1969 r 00010 d a33569 a34541 a38657 cCHAP00aMeanley, Brooke. aNatural history of the king rail aWashington :bBureau of Sport Fisheries and Wildlife,c1969 a108 p.b: ilus. ; mapas aNorth America Faunav; 6714aAvesxAmérica del Norte.0 aNorth America Faunav; 67